|
|
|
|
| LEADER |
00000nab a2200000 ar4500 |
| 001 |
vtls008639306 |
| 003 |
SK-MaSNL |
| 005 |
20260303072351.0 |
| 008 |
060324c2005 xo mr|p|||||||000 b|slo |
| 038 |
|
|
|a SNSK
|
| 040 |
|
|
|b slo
|c SNSK
|e AACR2
|
| 041 |
0 |
|
|a slo
|
| 044 |
|
|
|a xo
|c SK
|
| 080 |
|
|
|a 726.821
|2 2001
|
| 080 |
|
|
|a 718
|2 2001
|
| 080 |
|
|
|a 7.025.2
|2 2001
|
| 100 |
1 |
|
|a Sutor, O.
|4 aut
|9 1072549
|
| 245 |
1 |
0 |
|a Hrobka, ktorá desiatky rokov chátra
|c O. Sútor
|
| 300 |
|
|
|b Fotogr.
|
| 610 |
2 |
7 |
|a Evanjelický cintorín (Levoča, Slovensko)
|2 snsk
|9 1021943
|
| 650 |
0 |
7 |
|a hrobky
|2 snsk
|9 3034
|
| 650 |
0 |
7 |
|a chátranie
|2 snsk
|9 879480
|
| 651 |
|
7 |
|a Levoča (Slovensko)
|2 snsk
|9 26696
|
| 773 |
0 |
|
|t Spišské hlasy
|g Roč. VI., č. 12 (2005), s. 16.
|
| 852 |
|
|
|a SNSK
|b KIS3GCP
|
| 999 |
|
|
|c 1763167
|d 1765097
|